| 000 | 00964nam a2200313 i 4500 | ||
|---|---|---|---|
| 003 | EG-GICUC | ||
| 005 | 20260507123729.0 | ||
| 008 | 260507s2001 fr ||||fr|||| 00| 0 fre d | ||
| 040 |
_aEG-GiCUC _bfre _cEG-GiCUC _dEG-GiCUC _eRda |
||
| 041 | _afre | ||
| 082 | 0 | 4 |
_221 _a345.3232 _bVL.D |
| 092 | 0 | 4 | _221 |
| 099 | _aLaw1 07 345.3232 VL.D 2ed 2001 | ||
| 100 | 1 |
_a Vlachos , Georges _eAuteur |
|
| 245 |
_aDroit public économique français et européen / _cGeorges Vlachos . |
||
| 250 | _a2ed . | ||
| 264 |
_aParis : _bARMAND COLIN , _c2001 . |
||
| 300 |
_a414 page ; _c 24 cm. |
||
| 336 |
_2rda contenu _a texte |
||
| 337 |
_2rda medias _aOrdinateur |
||
| 338 |
_2 transporteur rda _a Ressource en ligne |
||
| 546 | _aTexte en français | ||
| 650 | 1 | _aDroit administratif | |
| 650 | 1 | _aÉquipements publics économiques | |
| 651 | 1 | _2qrmak | |
| 856 | 4 | 0 | _uhttps://fll.law.cu.edu.eg/fulltext/bks/B07-05470.pdf |
| 905 | _a60 | ||
| 942 |
_2ddc _cBK _e21 _n0 |
||
| 999 |
_c76120 _d76120 |
||